| 000 | 00581nam a2200193 a 4500 | ||
|---|---|---|---|
| 005 | 20221104063622.0 | ||
| 008 | 040423s1997 mx r 000 0 spa d | ||
| 020 | _a9507245839 | ||
| 035 | _aUPN01000133091 | ||
| 049 | _aCG | ||
| 050 | 4 |
_aRC455 _bM6.8 1997 |
|
| 100 | 1 | _aMoffatt, Alfredo | |
| 245 | 1 | 0 |
_aSocioterapia para sectores marginados : _bterapia comunitaria para grupos de riesgo / _cAlfredo Moffatt. |
| 250 | _a6a ed. | ||
| 260 |
_aBuenos Aires : _bLumen-Hvmanitas, _cc1997. |
||
| 300 |
_a216, [8] p. : _bil. |
||
| 650 | 2 |
_aPsiquiatrÃa social _925672 |
|
| 905 | _aLibro | ||
| 999 |
_c105244 _d105244 |
||